000
00247nam a2200109Ia 4500
005
20251222114356.0
008
251222s1900||||xx |||||||||||||| ||spa||
082
_a
DVD0180/F83/2001
245
0
_a
Intacto
264
_b
Paramount Pictures
942
_c
DVD
999
_c
1452
_d
1452